La civilización maya /

Guardado en:
Autor Principal: Morley, Sylvanus G.
Formato: Libro
Publicado: México : Fondo de Cultura Econ¢mica, 1983
Materias:
Etiquetas: Agregar Etiqueta
Sin Etiquetas, Sea el primero en etiquetar este registro!
LEADER 00526nam a22001815a 4500
001 CEM.cems004537
005 20150929153852.0
008 130507s1983##################000#0#####d
003 CEMS
082 0 4 |a 972.015 
100 1 |a Morley, Sylvanus G. 
245 1 0 |a La civilización maya /  |c Sylvanus G.Morley 
260 |a México :  |b Fondo de Cultura Econ¢mica,  |c 1983 
300 |a 527 p. 
653 |a Historia 
653 |a Historia de america del norte 
653 |a Mayas 
859 |a CEMS  |b BIB. CEMS - 11 de abril  |h 972.015  |i M827  |p 15031.88  |t Ej.1